000 00664nam a22002177a 4500
003 UA-OsUOA
001 37826
007 ta
008 20060411b un ||||| |||| 00| 0 ukr d
100 _aПарнюк В.
090 _a330
_bП11
942 _cSA
040 _aUA-OsUOA
_bukr
_cUA-OsUOA
_dUA-OsUOA
245 _aПро необхідність зміни методологічного підходу до нарахування зборів до пенсійного та соціальних фондів
300 _aС.16-22
955 _a0
041 _aukr
080 _a330
773 0 _w37824
650 7 _a330 Економіка взагалі
_2UDC
999 _c323994
_d323994